Conflict studies : an introduction (Record no. 28534)

MARC details
000 -LEADER
fixed length control field 00594nam a2200181Ia 4500
020 ## - INTERNATIONAL STANDARD BOOK NUMBER
ISBN 9789784918343
050 ## - CALL MARK
Classification number HM 1121 .E59/
100 ## - STATEMENT OF RESPONSIBILITY--MAIN AUTHOR NAME
Personal name Enwere, Chigozie
245 #0 - TITLE STATEMENT
Title Conflict studies : an introduction
260 ## - PUBLICATION, DISTRIBUTION, ETC. (IMPRINT)
Place of publication Enugu
260 ## - PUBLICATION, DISTRIBUTION, ETC. (IMPRINT)
Name of publisher Rossen Publication Ltd.
260 ## - PUBLICATION, DISTRIBUTION, ETC. (IMPRINT)
Year of publication 2015
300 ## - PHYSICAL DESCRIPTION
Number of Pages 230 p
650 ## - SUBJECT ADDED ENTRY--TOPICAL TERM
Topical Term Social conflict--Textbooks. Interpersonal conflict--Textbooks. Conflict management--Textbooks. Conflict management--Moral and ethical aspects--Textbooks.
942 ## - ADDED ENTRY ELEMENTS (KOHA)
Koha item type Books
Holdings
Withdrawn status Lost status Source of classification or shelving scheme Damaged status Not for loan Permanent Location Current Location Date acquired Accession Number Price effective from Koha item type
    Library of Congress Classification     NILE UNIVERSITY OF NIGERIA - MAIN LIBRARY NILE UNIVERSITY OF NIGERIA - MAIN LIBRARY 04/23/2025 0187241 04/23/2025 Books